Anhelo de vivir : (Registro nro. 10650)

Detalles MARC
000 -LIDER
fixed length control field 00900cam a2200325 i 4500
001 - NÚMERO DE CONTROL
Identificador de número de control 0000466
003 - IDENTIFICACDOR DE NÚMERO DE CONTROL
control field DO-SdBNP
005 - DATE AND TIME OF LATEST TRANSACTION
control field 20221110105413.0
007 - CAMPOS FIJOS DE DESCRIPCIÓN FÍSICA
fixed length control field 0000466
008 - ELEMENTOS DE LONGITUD FIJA
fixed length control field 100514s 1993 mx ||| 000 f spa
010 ## - NUMERO DE CONTROL DE BIBLIOTECA DEL CONGRESO
LC control number
015 ## - NÚMERO DENTRO DE LA BIBLIOGRAFÍA NACIONAL
National bibliography number
017 ## - NÚMERO DE REGISTRO DE DERECHOS DE AUTOR
Copyright or legal deposit number
Assigning agency
020 ## - ISBN
International Standard Book Number 9681309413
035 ## - NÚMERO LOCAL
System control number
040 ## - FUENTE DE CATALOGACIÓN
Agencia que crea de manera original el registro BPMSU
Idioma de catalogación spa
Agencia que realiza la transcripción BPMSU
Convenciones de la despripción
080 ## - NÚMERO DE CLASIFICACIÓN DECIMAL UNIVERSAL
Universal Decimal Classification number
082 #4 - NÚMERO DE CLASIFICACIÓN DECIMAL DE DEWEY
Classification number 813.5
Item number V217S 1993
Edition number 22
100 1# - ASIENTO PRINCIPAL -- NOMBRE PERSONAL
Nombre personal Stone, Irving,
Fechas asociadas con el nombre 1903-1989.
245 10 - MENCIÓN DE TITULO
Título Anhelo de vivir :
Subtítulo la vida de Vincent Van Gogh /
Mención de responsabilidad Irving Stone.
260 ## - PUBLICACIÓN, DISTRIBUCIÓN, ETC. (PIE DE IMPRENTA)
Lugar de publicación, distribución, etc México :
Nombre del editor, distribuidor, etc. Diana,
Fecha de publicación, distribución, etc 1993
Impresor
300 ## - DESCRIPCIÓN FÍSICA
Extensión 413 p.:
Dimensiones 21 cm
500 ## - NOTA GENERAL
Nota general La biblioteca posee la 33a impresión de noviembre de 1993.
534 ## - NOTA SOBRE LA VERSIÓN ORIGINAL
Asiento principal del original Título original :
Mención del título original Lust for life
590 ## - NOTA LOCAL
Enlace Inventariado, 2022/VM
600 14 - ENCABEZAMIENTO DE MATERIA--NOMBRE PERSONAL
Nombre personal Gogh, Vincent van,
Fechas asociadas con el nombre 1853-1890
Subdivisión de forma Novela
650 ## - ENCABEZAMIENTO DE MATERIA--TEMÁTICO
Término temático o nombre geográfico como elemento de entrada Novela estadounidense
910 ## - VALIDACIÓN
Validación VMateo V./Validado
942 ## - ADDED ENTRY ELEMENTS (KOHA)
Source of classification or shelving scheme Dewey Decimal Classification
Koha item type Libros
Existencias
Withdrawn status Lost status Source of classification or shelving scheme Damaged status Not for loan Collection code Home library Current library Date acquired Source of acquisition Full call number Barcode Date last seen Price effective from Koha item type
    Dewey Decimal Classification     Colección General Biblioteca Pública Metropolitana Salomé Ureña Biblioteca Pública Metropolitana Salomé Ureña 07/01/2016 Sellar BPMSU CG 813.5 V217S 1993 BPMSU16070021 07/01/2016 07/01/2016 Libros